00754nam a2200229 a 4500001001000000003000900010005001700019007000300036008004100039020001800080040002500098082002300123100002300146245010500169260003400274300003000308504003000338650002000368650002100388650003500409710008000444000004172DO-SdBNP20220321114651.0ta090717e2004 dr c gr 001 0 spa d a9789945860740 aDO-SdBNPbspacBNPHU 4a634.772bC422c2221 aCéspedes, Carlos10aCalidad de fruta en banano de exportación :balgunas implicaciones de manejo /cCarlos Céspedes. aSanto Domingo :bIDIAF,c2004 a61 p. :bretrs. ;c23 cm. aBibliografía : p. 48-49 4aBananoxCultivo 4aBananoxMercadeo 4aBananozRepública Dominicana1 aInstituto Dominicano de Investigaciones Agropecuarias y Forestales, (IDIAF)